Quizzes
Events
Quiz Creation
Community
Videos
Private Events
Remove Ads
Sign In
Join for FREE
Feedback
Dark Mode
Quiz Categories
Sports
Geography
Music
Movies
Television
Just For Fun
Miscellaneous
History
Literature
Language
Science
Gaming
Entertainment
Religion
Holiday
For Kids
Quiz Lab
Recent
Popular Today
Quiz Kudos Today
Editor Picks
Curator Picks
Quizzes by...
Day
Popularity
Type
Ratings
Length
Year
Community
Subscriptions
Recent Discussions
Orange Saloon
Badges
Playlists
Quests
Create
Leaderboards
Showdown
Live 5
Trivia Bingo
Activity
Puzzle Library
Sporcle Events
Private Events
Virtual Trivia
Globe League
Become a Host
Pub Owners
SporcleCon
Opinionation
Our Games
Videos
Blog
Mobile Apps
Partnerships
Remove Ads and Go Orange
Feedback
Sports
Athletes
MLB
NBA
NHL
NFL
Soccer
Sports Teams
WWE
NCAA
Football
Premier League
Basketball
Baseball
Hockey
Golf
Tennis
Cricket
Rugby
Auto Racing
Olympics
World Cup
Sports
Athletes
MLB
NBA
NHL
NFL
Soccer
Sports Teams
WWE
NCAA
Football
Premier League
Basketball
Baseball
Hockey
Golf
Tennis
Cricket
Rugby
Auto Racing
Olympics
World Cup
Random Quiz
Search Sporcle
×
Quiz Lab
Quiz Lab
Sports
Basketball
Select answers by clicking on text or image buttons
Select answers by clicking on text or image buttons
Clickable
Best Score? Go Orange.
Match NBA player to college attended Stats
Can you pick the Match NBA player to college attended?
By
aj1994
12m
100 Questions
460 Plays
460 Plays
460 Plays
Comments
Comments
Give Quiz Kudos
Give Quiz Kudos
-
- Ratings
hide this ad
Forced Order
Answers have to be entered in order
Answers have to be entered in order
Replay
Link that replays current quiz
Next Quiz
Link to next quiz in quiz playlist
You Got
0%
They Got
Avg Score
50%
Avg Friend Score
Upgrade to see
Score Distribution
Jump to the score distribution portion of the page
Score
0/100
Timer
12:00
0
Plays Today
% Correct
Memphis
91.5%
Marquette
90%
Davidson
90%
Kentucky
89.1%
Syracuse
89.1%
Harvard
88.3%
UCLA
88%
Duke
87.6%
Florida
86.3%
Oklahoma
85.7%
BYU
85%
Wake Forest
84.3%
Butler
82.4%
Santa Clara
81.1%
North Carolina
80.4%
Kansas
79.8%
Ohio State
78.3%
Stanford
77%
Utah
76.7%
Arizona State
76.3%
Illinois
74.3%
Georgia Tech
73.3%
Connecticut
73%
Pittsburgh
72.4%
Notre Dame
71.7%
Texas
70.7%
Indiana
69.1%
Saint Joseph's
68%
Georgetown
67.8%
California
67.2%
Cincinnati
66.5%
San Diego State
65.2%
Maryland
63.9%
St John's
63.7%
% Correct
LSU
63.5%
Arizona
61.7%
Morehead State
60%
Boston College
58.5%
Rhode Island
57.8%
Oregon
57.6%
Creighton
56.1%
Michigan State
54.1%
Villanova
53.9%
New Mexico
52.8%
VCU
50.4%
Cleveland State
48.3%
Louisville
48%
Minnesota
47.6%
West Virginia
47.4%
Kansas State
47.2%
UNLV
46.3%
Texas A&M
45.7%
Arkansas-Little Rock
45.2%
Xavier
44.6%
Florida State
44.1%
Baylor
43.3%
IUPUI
43.3%
Fresno State
41.3%
Michigan
40%
North Carolina State
39.8%
Tennessee
39.3%
Washington
39.3%
Central Michigan
38.7%
Colorado
38.5%
Western Kentucky
38.3%
Providence
37.4%
Blinn College
36.7%
Clemson
36.7%
% Correct
Louisiana Tech
36.3%
Alabama
35.4%
USC
34.6%
Oklahoma State
33.9%
Eastern Washington
33.7%
Northeastern
32.4%
Wisconsin
32%
Seton Hall
31.3%
DePaul
30.9%
Purdue
28.5%
Marshall
27.6%
Rider
26.5%
Miami
26.1%
Missouri
25.7%
TCU
25.7%
Mississippi State
25%
Iowa State
25%
College of Charleston
24.3%
Western Carolina
23.5%
Auburn
21.5%
Florida International
20.7%
Temple
20%
Eastern Michigan
20%
Nevada
18.7%
Arkansas
18%
Georgia
17.8%
Towson
15.2%
UMass
14.1%
Detroit
12.6%
Alabama A&M
12.4%
Virginia Military
12.2%
Tulsa
7.6%
Quiz Playlist
Details
Report
Send in Message
Add To Playlist
Clickable:
Select answers by clicking on text or image buttons
Forced Order:
Answers have to be entered in order
Last Updated: Feb 16, 2017
Quiz Scoreboard
CHALLENGE
Sign Up to Join the Scoreboard
Show All
Scores
Hide
Comments
May contain spoilers
Recently Published
An Introduction to Baseball
by treessimontrees
Sports
5m
Movies - When Are They Set?
by FPL_Elf
Movies
5m
Popular People in 1961
by mucciniale
History
6m
More to Explore
Quiz From the Vault
Featured Blog Post
Where Did the Easter Bunny Come From?
hide this ad
You Might Also Like...
Tags
Basketball Quiz
NBA Quiz
NCAA Quiz
NBA Player
Today's Top Quizzes in Sports
Browse Sports
hide this ad
Today's Top Quizzes in Basketball
Browse Basketball
Top Contributed Quizzes in Sports
1
Les meilleurs buteurs des matchs entre le PSG et l’OM
2
2022 World Cup Stars
3
FIFA Club World Cup Champions
4
Les entraîneurs de l'OM et du PSG au 21e siècle
5
Name the Premier League winners with different clubs
6
La finale Lions - Afrique du Sud 2021
7
Criteria MLB: Left Handed Sluggers
8
Les joueurs passés par le LOSC et le RC Lens
9
Players with Multiple 50 Home Run Seasons
10
MLB Players with Two .350 Batting Average Seasons
Explore More
Trending Topics
Marvel
Kpop
Anime
Harry Potter
Disney
NBA
Crossword
Country
Soccer
Song
Pokémon
Puzzle
The Office
NFL
WWE
hide this ad
More By:
aj1994
Quiz
Plays
Rating
Category
Featured
Created
Match NBA player to college attended
460
2.00
Sports
Apr 23, 2012
every top 10 nba draft pick 1982-2011
261
4.67
Sports
Aug 10, 2011
nba player nicknames
153
Sports
Aug 10, 2011
30 questions of college basketball
140
1.00
Sports
Apr 12, 2012
Batters who scored over 750 runs in county championship 2010
64
Sports
Aug 10, 2011
Go to Creator's Profile
Score Distribution
Quiz Creator Spotlight
aj1994
Follow
Send a Message
Quizzes Created
-
Created Quiz Play Count
-
More By This Creator
Popular Quizzes Today
1
Find the Countries of Europe - No Outlines Minefield
2
Find the US States - No Outlines Minefield
3
The Countries of the World
4
Popular People in 1961
5
US States
6
1-10 Letter E Words III
7
Find the US States
8
One Thing in Common: World Cities II
More Sports Quizzes
1995 NBA All Star Game - East Team
Quiz Lab
Trending Quizzes
Risky Map Clicking: Least Populous States A-Z
1-10 Letter F Words
1-10 Letter G Words
One Thing in Common: United Kingdom
Risky Map Clicking: Next State Alphabetically
Recently Updated
Leaping Animals
pecheneg
Reality TV Shows (A-Z)
bhenderson79
Rickey Henderson's Hall of Fame Teammates
pecheneg
Champions League XIs: Arsenal
pecheneg
Quick Pick: Celebrities in WWE's Hall of Fame
aduchscher
A-Z Keypad Blitz II
pecheneg
Multiple Oscar Actors
pecheneg
Mystery Phrase Blitz: Oscar 'Best Actors'
pecheneg
F. Scott Fitzgerald Novels
LTH
Pick 3 Villains
ddd62291
Trending Topics
Crossword
Marvel
Harry Potter
NBA
Anime
Kpop
Disney
The Office
WWE
Country
Soccer
NFL
Puzzle
Song
Pokémon
Your Account Isn't Verified!
In order to create a playlist on Sporcle, you need to verify the email address you used during registration. Go to your
Sporcle Settings
to finish the process.
Report this User
Report this user for behavior that violates our
Community Guidelines
.
Details:
Send Report
Go to the Sporcle.com Mobile Site →
Comments